01626nam a2200373 a 4500001001000000003000500010005001700015008004100032010001100073011001100084040000900095090001000104100003700114245018100151260004100332500006000373502009900433590004000532590004000572590004000612590004000652650003200692650002600724650004900750650002800799650003700827856007000864901000700934942001000941942000600951999001900957952014000976952013601116000111693CHAP20220329144225.0150720s2015 mx a |sm |||||||spa d a108154 a109126 cCHAP aTesis1 aTorres Ramírez, Olivia912961510aTolerancia, adaptabilidad y capacidad fitorremediadora de especies forrajeras en suelo agroforestal contaminado con petróleo crudoh[En línea]cpor Olivia Torres Ramírez. aChapingo, Méx. :bEl autor,c2015. aPara ver el contenido del material haga clic en la liga aTesis (M.C. en Agroforestería para el Desarrollo Sostenible) -- UACH. Departamento de Suelos aE5652GLJb05c20150720lUCH01h1327 aE5652GLJb05c20150720lUCH01h1327 aE5652GLJb05c20150720lUCH01h1339 aE5652GLJb05c20150720lUCH01h134114aFitorremediación.912495214aHidrocarburos.95523214aLeucaena leucocephalaxComo forraje.912588814aMucuna pruriens.97926014aSuelosxContaminación.9110327 aFinding aiduhttp://10.13.5.2/tesis/sist111693.pdfzTeclea aquí aBK cTESIS n0 c108154d108154 00102local4053708TESISaBCbBCcPA_TESISd2015-07-20fTESISl0oTesisp33724002496397r2019-12-31 00:00:00tc.2w2019-12-31yTESIS 00104054718TESISaBCbBCd2015-07-20fTESISl0oTesisp33724002496439r2019-12-31 00:00:00w2019-12-31yTESISzRecien adquirido